Statistics for Largest Cities in Florida by Letter

Click here to take the quiz!

General Stats

  • This quiz has been taken 254 times
  • The average score is 11 of 25

Answer Stats

LetterPopulationFlorida City% Correct
M463,347Miami
98%
J892,062Jacksonville
96%
T385,430Tampa
95%
O280,257Orlando
95%
F180,072Fort Lauderdale
81%
S263,255St. Petersburg
78%
H239,673Hialeah
68%
G132,249Gainesville
64%
W110,222West Palm Beach
63%
C183,365Cape Coral
61%
P189,344Port St. Lucie
58%
L108,054Lakeland
48%
K71,104Kissimmee
42%
B98,150Boca Raton
40%
D105,149Davie
26%
Z15,247Zephyrhills
15%
A51,564Apopka
14%
Q7,542Quincy
14%
N66,300North Port
10%
V23,020Venice
10%
E33,048Estero
4%
Y495Yankeetown
4%
I8,566Indian Harbor Beach
1%
U3,742Umatilla
1%
R38,592Royal Palm Beach
0%

Score Distribution

Percentile by Number Answered

Percent of People with Each Score

Your Score History

You have not taken this quiz